El diseño industrial en la sociedad de consumo : (Registro nro. 24000)

Detalles MARC
000 -Cabecera
Campo de control interno 00545nam a2200181Ia 4500
005 - Fecha y hora del registro
control field 20260414151014.0
008 - Elementos de Longitud Fija
fixed length control field 260414t2010||||xx |||||||||||||| ||spa||
041 ## - Idioma
Codigo Idioma ESP
082 ## - DEWEY y NOTACIÓN INTERNA
Dewey 745.209
Notación Interna D88
100 ## - AUTOR
Autor denominación Domínguez Rendón, Raúl
Término de relación autor
245 #0 - TÍTULO DE MATERIAL BIBLIOGRÁFICO
Título El diseño industrial en la sociedad de consumo :
Título paralelo su rol en la configuración funcional y en la representación estética de los artefactos
260 ## - CIUDAD, EDITORIAL, AÑO
Año 2010
300 ## - DESCRIPCIÓN
N° Páginas 702 páginas :
Dimensiones 23 cm.
650 ## - TEMAS
Temas Las Artes
654 ## - PROGRAMAS
Programa Dpto. Arquitectura y Urbanismo
942 ## - ELEMENTOS DE KOHA
Tipo de documento Libro
Nombre del creador Justo Noguera
Código de catalogador Justo Noguera
Esquema de clasificación Dewey Decimal Classification
Suppress in OPAC
Existencias
Codigo completo Registro Colección Copia número Disponibilidad Tipo de préstamo Biblioteca Actual Procedencia (Biblioteca) Ubicacón Fecha Ingreso Tipo de Adquisición Date last seen Total checkouts Price effective from Tipo de Item Estado del Material Damaged status Withdrawn status
745.209 D88 1014171 Universidad Católica San Pablo 1 Disponible Disponible Víctor Andrés Belaunde Víctor Andrés Belaunde Segundo piso 14/04/2026 Compra 14/04/2026   14/04/2026 Libro Bueno